[Event "AUTO-OPEN-4259"]
[Site "http://www.queenalice.com/game.php?id=1644096"]
[Date "2021.2.19"]
[Round "1"]
[White "Sokolov56"]
[Black "maurice91"]
[Result "1-0"]
[WhiteElo "1951"]
[BlackElo "1960"]

1. e4 c6 2. d4 d5 3. e5 Bf5 4. Nf3 e6 5. Be2 Nd7 6. O-O c5 7. c4 Rc8 8. cxd5
exd5 9. Nc3 cxd4 10. Nxd4 Be6 11. Ncb5 a6 12. Nxe6 fxe6 13. Nd4 Qe7 14. Bg4 Nc5
15. b4 Ne4 16. Bxe6 g6 17. Bxc8 1-0

[Event "AUTO-OPEN-4259"]
[Site "http://www.queenalice.com/game.php?id=1644125"]
[Date "2021.2.19"]
[Round "1"]
[White "Sokolov56"]
[Black "tarasch"]
[Result "1-0"]
[WhiteElo "2267"]
[BlackElo "2152"]

1. e4 c5 2. Nf3 d6 3. d4 cxd4 4. Nxd4 Nf6 5. Nc3 e6 6. g4 Be7 7. g5 Nfd7 8. h4
a6 9. Be3 b5 10. a3 Bb7 11. f4 Nc6 12. f5 Nxd4 13. Bxd4 e5 14. Bf2 Rc8 15. Rh3
Nb6 16. Qg4 Nc4 17. O-O-O Qa5 18. Bxc4 Rxc4 19. Rhd3 b4 20. axb4 Qa1+ 21. Kd2
Qxb2 22. Rb1 Qa3 23. f6 gxf6 24. gxf6 Bxf6 25. Nd5 Qa4 26. Nxf6+ Ke7 27. Rbb3
Kxf6 28. Rxd6+ Ke7 29. Bc5 Rxc5 30. bxc5 Bxe4 31. Qg5+ 1-0

[Event "AUTO-OPEN-4259"]
[Site "http://www.queenalice.com/game.php?id=1644126"]
[Date "2021.2.19"]
[Round "1"]
[White "tarasch"]
[Black "Sokolov56"]
[Result "0-1"]
[WhiteElo "2152"]
[BlackElo "2245"]

1. d4 Nf6 2. c4 e6 3. Nc3 Bb4 4. e3 O-O 5. Bd3 d5 6. Ne2 dxc4 7. Bxc4 c5 8. O-O
cxd4 9. exd4 Nc6 10. h3 b6 11. a3 Bxc3 12. bxc3 Bb7 13. Bg5 Na5 14. Ba2 Rc8 15.
Rc1 h6 16. Bh4 g5 17. Bg3 Bd5 18. Qc2 Bxa2 19. Qxa2 Qd5 20. Qxd5 Nxd5 21. Bd6
Rfd8 22. Bb4 Nc4 0-1

[Event "AUTO-OPEN-4259"]
[Site "http://www.queenalice.com/game.php?id=1644127"]
[Date "2021.2.19"]
[Round "1"]
[White "Sokolov56"]
[Black "ALDROB"]
[Result "1-0"]
[WhiteElo "2185"]
[BlackElo "1765"]

1. e4 c5 2. Nf3 d6 3. d4 cxd4 4. Nxd4 Nf6 5. Nc3 a6 6. f3 e5 7. Nb3 Nc6 8. Be3
Be7 9. Qd2 O-O 10. O-O-O Be6 11. Nd5 Rc8 12. Nxe7+ Qxe7 13. Qxd6 Rfd8 14. Qxe7
Nxe7 15. Rxd8+ Rxd8 16. Nc5 Bxa2 17. b3 Nc6 18. Nxb7 Rb8 19. Nc5 Nb4 20. Kb2 a5
21. Bc4 g6 22. Rd1 Kg7 23. c3 Bxb3 24. Bxb3 Nc6 25. Bg5 Rb5 26. Bxf6+ Kxf6 27.
Rd6+ Ke7 28. Rxc6 1-0

[Event "AUTO-OPEN-4259"]
[Site "http://www.queenalice.com/game.php?id=1644128"]
[Date "2021.2.19"]
[Round "1"]
[White "ALDROB"]
[Black "Sokolov56"]
[Result "0-1"]
[WhiteElo "1765"]
[BlackElo "2115"]

1. b4 e5 2. Bb2 Bxb4 3. Bxe5 Nf6 4. Nf3 d5 5. e3 O-O 6. c4 Bf5 7. Be2 dxc4 8.
O-O Nc6 9. Bb2 b5 10. Na3 a6 11. Rc1 Qd7 12. d4 cxd3 13. Bxd3 Bxd3 0-1

[Event "AUTO-OPEN-4270"]
[Site "http://www.queenalice.com/game.php?id=1648709"]
[Date "2021.4.4"]
[Round "1"]
[White "ratorei"]
[Black "Sokolov56"]
[Result "0-1"]
[WhiteElo "2049"]
[BlackElo "2185"]

1. e4 c5 2. Nf3 d6 3. d4 cxd4 4. Nxd4 Nf6 5. Be2 e5 6. Bb5+ Nbd7 7. Nf5 a6 8.
Bd3 Nc5 9. Ng3 Nxd3+ 10. cxd3 Bg4 11. Qb3 b5 12. Nc3 Be7 13. h3 Be6 14. Nd5 Nxd5
15. exd5 Bd7 16. Be3 f5 17. Ne2 f4 18. Bd2 O-O 19. Ng1 Qe8 20. Nf3 Qg6 21. Rg1
Bf5 22. Ke2 e4 23. dxe4 Bxe4 24. Rac1 Rae8 25. Kd1 Bf6 26. Bc3 Bxf3+ 0-1

[Event "AUTO-OPEN-4270"]
[Site "http://www.queenalice.com/game.php?id=1648710"]
[Date "2021.4.4"]
[Round "1"]
[White "Sokolov56"]
[Black "ratorei"]
[Result "1-0"]
[WhiteElo "2211"]
[BlackElo "2049"]

1. e4 e6 2. d4 d5 3. Nc3 Bb4 4. e5 a6 5. a3 Ba5 6. b4 Bb6 7. Qg4 g6 8. Nf3 f5 9.
Qg3 Qd7 10. Ne2 a5 11. Rb1 c6 12. h4 h5 13. Nf4 Qg7 14. b5 c5 15. c4 Ne7 16. a4
cxd4 17. Ba3 dxc4 18. Bxc4 Nd5 19. Bxd5 exd5 20. Rc1 Nd7 21. Ne6 Qg8 22. Nfg5
Nf6 23. Nc7+ Bxc7 24. Rxc7 Ne4 25. Nxe4 dxe4 26. Qg5 Rh7 27. Re7+ 1-0

[Event "AUTO-OPEN-4270"]
[Site "http://www.queenalice.com/game.php?id=1648735"]
[Date "2021.4.4"]
[Round "1"]
[White "Artking"]
[Black "Sokolov56"]
[Result "0-1"]
[WhiteElo "1987"]
[BlackElo "2156"]

1. Nf3 d5 2. c4 d4 3. d3 c5 4. g3 Nc6 5. Bg2 e5 6. Nbd2 Nf6 7. O-O h6 8. a3 a5
9. Re1 Bd6 10. e4 O-O 11. h3 Bd7 12. Nf1 a4 13. Bd2 Na5 14. Bxa5 Qxa5 15. Nh4
Rfe8 16. Nh2 b5 17. cxb5 Qxb5 18. Rb1 Rab8 19. Nf5 Bf8 20. g4 g6 21. Ng3 Be6 22.
Bf1 Nd7 23. h4 Be7 24. Qd2 Kg7 25. h5 Bg5 26. Qe2 Nf6 27. hxg6 fxg6 28. Bh3 h5
29. f3 Rh8 30. Kg2 c4 31. f4 Bxf4 32. Qf3 hxg4 33. Nxg4 Rxh3 0-1

[Event "AUTO-OPEN-4270"]
[Site "http://www.queenalice.com/game.php?id=1648736"]
[Date "2021.4.4"]
[Round "1"]
[White "Sokolov56"]
[Black "Artking"]
[Result "1-0"]
[WhiteElo "2123"]
[BlackElo "1950"]

1. e4 d5 2. exd5 Qxd5 3. Nc3 Qa5 4. d4 c6 5. Bd2 Qc7 6. Bd3 Nf6 7. h3 g6 8. Nf3
Bg7 9. O-O O-O 10. Re1 Re8 11. Qc1 Nbd7 12. Bf4 e5 13. dxe5 Nh5 14. Bh2 Nxe5 15.
Rxe5 Bxe5 16. Nxe5 Rxe5 17. g4 Qe7 18. Bxe5 1-0

[Event "AUTO-OPEN-4270"]
[Site "http://www.queenalice.com/game.php?id=1648751"]
[Date "2021.4.4"]
[Round "1"]
[White "Pin"]
[Black "Sokolov56"]
[Result "0-1"]
[WhiteElo "1931"]
[BlackElo "2238"]

1. e4 c5 2. Nf3 d6 3. d4 cxd4 4. Nxd4 Nf6 5. Nc3 a6 6. Bg5 Nbd7 7. f4 Qc7 8. Qf3
b5 9. a3 Bb7 10. O-O-O Rc8 11. Bd3 g6 12. Rhe1 Bg7 13. g4 O-O 14. f5 Qb6 15. Nb3
Ne5 16. Qg3 a5 17. Bxf6 Bxf6 18. g5 Nxd3+ 19. Rxd3 Be5 20. Qh3 b4 21. Nd5 Qf2
22. Nxe7+ Kh8 23. Rf1 Qxc2# 0-1

[Event "AUTO-OPEN-4270"]
[Site "http://www.queenalice.com/game.php?id=1648752"]
[Date "2021.4.4"]
[Round "1"]
[White "Sokolov56"]
[Black "Pin"]
[Result "1-0"]
[WhiteElo "2233"]
[BlackElo "1899"]

1. e4 c5 2. Nf3 d6 3. d4 cxd4 4. Nxd4 Nf6 5. Nc3 a6 6. f3 e5 7. Nb3 Be6 8. Be3
Be7 9. Qd2 Nbd7 10. g4 Nxg4 11. fxg4 Bxg4 12. Rg1 Bh4+ 13. Bf2 Bg5 14. Qxd6 h5
15. Nd5 Be7 16. Qxe7+ Qxe7 17. Nxe7 1-0

[Event "AUTO-ELITE-2334"]
[Site "http://www.queenalice.com/game.php?id=1759702"]
[Date "2021.5.17"]
[Round "1"]
[White "BEBADO"]
[Black "Sokolov56"]
[Result "0-1"]
[WhiteElo "2330"]
[BlackElo "2385"]

1. e4 c5 2. Nf3 d6 3. d4 cxd4 4. Nxd4 Nf6 5. Nc3 a6 6. Bg5 Nbd7 7. f4 Qc7 8. Qf3
b5 9. O-O-O Bb7 10. Bd3 e6 11. Rhe1 h6 12. Bh4 Be7 13. Qg3 g5 14. fxg5 hxg5 15.
Bxg5 Rg8 16. h4 b4 17. Na4 Nh7 18. Qf3 Nxg5 19. hxg5 Qa5 20. b3 Qxg5+ 21. Kb1
Bf6 22. Bf1 Qe5 23. Nb2 Nb6 0-1

[Event "AUTO-ELITE-2334"]
[Site "http://www.queenalice.com/game.php?id=1759703"]
[Date "2021.5.17"]
[Round "1"]
[White "Sokolov56"]
[Black "BEBADO"]
[Result "1-0"]
[WhiteElo "2365"]
[BlackElo "2333"]

1. e4 c5 2. Nf3 e6 3. d4 cxd4 4. Nxd4 a6 5. Bd3 Bc5 6. Nb3 Be7 7. Qg4 g6 8. Qe2
d6 9. O-O Nd7 10. Nc3 h5 11. a4 b6 12. Be3 Bb7 13. Rad1 Qc7 14. h3 Ngf6 15. Bg5
Nc5 16. f4 Nxb3 17. cxb3 Qc5+ 18. Rf2 Qb4 19. e5 Nd5 20. Bxe7 Kxe7 21. Bc4 1-0

[Event "AUTO-ELITE-2334"]
[Site "http://www.queenalice.com/game.php?id=1769885"]
[Date "2021.9.15"]
[Round "2"]
[White "Sexxy_Bunny"]
[Black "Sokolov56"]
[Result "1-0"]
[WhiteElo "2778"]
[BlackElo "2440"]

1. e4 c6 2. d4 d5 3. e5 Bf5 4. Nf3 e6 5. Be2 Nd7 6. O-O h6 7. Nbd2 Ne7 8. Nb3 g5
9. Ne1 Qc7 10. Nd3 Ng6 11. Be3 O-O-O 12. Bg4 Be4 13. g3 Kb8 14. Bh5 Bf5 15. Qe2
Rg8 16. f4 Be7 17. Rae1 Rdf8 18. fxg5 hxg5 19. Bd2 Rh8 20. Bg4 Be4 21. Nf2 1-0

[Event "AUTO-ELITE-2334"]
[Site "http://www.queenalice.com/game.php?id=1769886"]
[Date "2021.9.15"]
[Round "2"]
[White "Sokolov56"]
[Black "Sexxy_Bunny"]
[Result "0-1"]
[WhiteElo "2439"]
[BlackElo "2779"]

1. e4 c5 2. Nf3 d6 3. d4 cxd4 4. Nxd4 Nf6 5. Nc3 a6 6. f3 e5 7. Nb3 Be6 8. Be3
h5 9. Qd2 Nbd7 10. Nd5 Bxd5 11. exd5 Qc7 12. O-O-O g6 13. Kb1 Bg7 14. h3 Rc8 15.
c4 b6 16. Be2 h4 17. Bg5 Nc5 18. Qe1 a5 19. Bxh4 O-O 0-1

[Event "AUTO-OPEN-4270"]
[Site "http://www.queenalice.com/game.php?id=1773579"]
[Date "2021.10.30"]
[Round "2"]
[White "Sokolov56"]
[Black "Carlos19"]
[Result "0-1"]
[WhiteElo "2438"]
[BlackElo "1538"]

1. e4 e5 2. Nf3 Nc6 3. Bb5 d6 4. d4 Bd7 5. d5 Nb4 6. Bxd7+ Qxd7 7. c4 Nf6 8. Qb3
a5 9. a3 Na6 10. Qxb7 Qc8 11. Qc6+ Nd7 12. Nc3 Nc5 13. Nb5 Nd3+ 14. Kd2 Nxc1 15.
Nxc7+ Kd8 16. Nxa8 Nb3+ 17. Kc2 Nxa1+ 0-1

[Event "AUTO-OPEN-4270"]
[Site "http://www.queenalice.com/game.php?id=1773580"]
[Date "2021.10.30"]
[Round "2"]
[White "Carlos19"]
[Black "Sokolov56"]
[Result "1-0"]
[WhiteElo "1568"]
[BlackElo "2423"]

1. e4 c5 2. Bc4 e6 3. d3 Nc6 4. a3 Nf6 5. h3 d5 6. Bb5 dxe4 7. dxe4 Qxd1+ 8.
Kxd1 Nxe4 9. Be3 Bd7 10. Nf3 h6 11. Nc3 Nxc3+ 12. bxc3 a6 13. Bxc6 Bxc6 14. Rg1
O-O-O+ 15. Kc1 Bd6 16. a4 f5 17. Nh4 1-0